| 000 -LEADER |
| fixed length control field |
00569cam a2200181 a 4500 |
| 020 ## - INTERNATIONAL STANDARD BOOK NUMBER |
| ISBN |
069734424X |
| 040 ## - CATALOGING SOURCE |
| Transcribing agency |
DLC |
| 082 00 - DEWEY DECIMAL CLASSIFICATION NUMBER |
| Classification number |
372 MCG 1998 A013 Or. |
| 100 1# - MAIN ENTRY--AUTHOR NAME |
| Personal name |
Herberholz, Donald W. |
| 245 10 - TITLE STATEMENT |
| Title |
Artworks for elementary teachers : |
| Remainder of title |
developing artistic and perceptual awareness / |
| 246 30 - VARYING FORM OF TITLE |
| Title proper/short title |
Developing artistic and perceptual awareness |
| 250 ## - EDITION STATEMENT |
| Edition statement |
8th ed. |
| 260 ## - PUBLICATION, DISTRIBUTION, ETC. (IMPRINT) |
| Place of publication |
Boston, Mass. : |
| Name of publisher |
McGraw-Hill, |
| Year of publication |
c1998. |
| 300 ## - PHYSICAL DESCRIPTION |
| Number of Pages |
x, 194 p., [24] p. of plates : |
| Other physical details |
ill. (some col.) ; |
| Dimensions |
28 cm. |
| 650 #0 - SUBJECT ADDED ENTRY--TOPICAL TERM |
| Topical Term |
Art |
| 700 1# - ADDED ENTRY--PERSONAL NAME |
| Personal name |
Herberholz, Barbara J. |
| 942 ## - ADDED ENTRY ELEMENTS (KOHA) |
| Koha item type |
សៀវភៅភាសាអង់គ្លេស |
| 952 ## - LOCATION AND ITEM INFORMATION (KOHA) |
| Withdrawn status [LOCAL, KOHA] |
0 |